000 00785nam a22002297a 4500
999 _c4435
_d4435
003 AR-CdUCM
008 190308b ||||| |||| 00| 0 spa d
040 _aMUNICIPALIDAD PROVINCIAL DEL CUSCO
_cBIBLIOTECA MUNICIPAL DEL CUSCO
082 _a784 /
_bSA18
100 _aSalazar, Adolfo
_95320
245 _aLa música orquestal en el siglo XX /
260 _aMéxico :
_bFondo Cultural Económico,
_c1956.
300 _a169 páginas ;
_c17 cm.
440 _aBreviarios del fondo de cultura Económica.
_n117
_913964
500 _aNota: ilustraciones del libro sustraídas.
505 _aContenido: La música orquestal contemporánea desde 1890 a 1955.
650 _aOrquesta
_913868
650 _aMúsica
_91443
650 _aSiglo XIX
_9971
942 _2ddc
_cLIBROS
945 _aachl